<?xml version="1.0" encoding="UTF-8"?>
<record
    xmlns:xsi="http://www.w3.org/2001/XMLSchema-instance"
    xsi:schemaLocation="http://www.loc.gov/MARC21/slim http://www.loc.gov/standards/marcxml/schema/MARC21slim.xsd"
    xmlns="http://www.loc.gov/MARC21/slim">

  <leader>00908cam a2200205   4500</leader>
  <controlfield tag="001">2870</controlfield>
  <controlfield tag="003">OCoLC</controlfield>
  <controlfield tag="005">20181127165946.0</controlfield>
  <controlfield tag="008">040927s2005    nyub          000 1 eng</controlfield>
  <datafield tag="020" ind1=" " ind2=" ">
    <subfield code="a">9780751537291</subfield>
  </datafield>
  <datafield tag="043" ind1=" " ind2=" ">
    <subfield code="a">ee-----</subfield>
  </datafield>
  <datafield tag="100" ind1="1" ind2=" ">
    <subfield code="a">Kostova, Elizabeth.</subfield>
  </datafield>
  <datafield tag="245" ind1="1" ind2="4">
    <subfield code="a">The historian :</subfield>
    <subfield code="b">a novel /</subfield>
    <subfield code="c">Elizabeth Kostova.</subfield>
  </datafield>
  <datafield tag="260" ind1=" " ind2=" ">
    <subfield code="a">London :</subfield>
    <subfield code="b">Sphere, </subfield>
    <subfield code="c">2008.</subfield>
  </datafield>
  <datafield tag="300" ind1=" " ind2=" ">
    <subfield code="a">ix, 704 p. :</subfield>
    <subfield code="c">18 cm.</subfield>
  </datafield>
  <datafield tag="520" ind1=" " ind2=" ">
    <subfield code="a">A young woman discovers an ancient book and a cache of old  letters in her father's library, and thus begins her  adventurous quest for the truth about Vlad the Impaler, a  search that will span continents and generations, and a  confrontation with the darkest powers of evil.</subfield>
  </datafield>
  <datafield tag="600" ind1=" " ind2=" ">
    <subfield code="a">Vlad -- III, -- Prince of Wallachia, -- 1430 or 1431-1476 or 1477 -- Fiction.</subfield>
    <subfield code="b"></subfield>
    <subfield code="c"></subfield>
    <subfield code="d"></subfield>
    <subfield code="e"></subfield>
    <subfield code="f"></subfield>
    <subfield code="k"></subfield>
    <subfield code="l"></subfield>
    <subfield code="m"></subfield>
    <subfield code="n"></subfield>
    <subfield code="o"></subfield>
    <subfield code="p"></subfield>
    <subfield code="q"></subfield>
    <subfield code="r"></subfield>
    <subfield code="s"></subfield>
    <subfield code="t"></subfield>
    <subfield code="v"></subfield>
    <subfield code="x"></subfield>
    <subfield code="y"></subfield>
    <subfield code="z"></subfield>
    <subfield code="2"></subfield>
  </datafield>
  <datafield tag="650" ind1=" " ind2=" ">
    <subfield code="a">Scholars --</subfield>
    <subfield code="v">Fiction.</subfield>
    <subfield code="x"></subfield>
    <subfield code="y"></subfield>
    <subfield code="z"></subfield>
    <subfield code="2"></subfield>
  </datafield>
  <datafield tag="650" ind1=" " ind2="0">
    <subfield code="a">Vampires</subfield>
    <subfield code="v">Fiction.</subfield>
  </datafield>
  <datafield tag="999" ind1=" " ind2=" ">
    <subfield code="c">2301</subfield>
    <subfield code="d">2301</subfield>
  </datafield>
  <datafield tag="952" ind1=" " ind2=" ">
    <subfield code="0">0</subfield>
    <subfield code="1">0</subfield>
    <subfield code="2">ddc</subfield>
    <subfield code="4">0</subfield>
    <subfield code="7">0</subfield>
    <subfield code="8">FIC</subfield>
    <subfield code="a">RTCLIB</subfield>
    <subfield code="b">RTCLIB</subfield>
    <subfield code="c">FIC</subfield>
    <subfield code="d">2021-03-10</subfield>
    <subfield code="h"> </subfield>
    <subfield code="i">5138</subfield>
    <subfield code="l">5</subfield>
    <subfield code="m">3</subfield>
    <subfield code="o">FIC 813.54 KOS</subfield>
    <subfield code="p">30000897</subfield>
    <subfield code="r">2024-04-25 00:00:00</subfield>
    <subfield code="s">2024-04-10</subfield>
    <subfield code="w">2018-11-27</subfield>
    <subfield code="y">FIC</subfield>
  </datafield>
</record>
